Asesinos S. A. (Record no. 144288)
[ view plain ]
| 000 -LEADER | |
|---|---|
| campo de control de longitud fija | 00581nam a2200181 4500 |
| 001 - NÚMERO DE CONTROL | |
| campo de control | 144288 |
| 003 - IDENTIFICADOR DE NÚMERO DE CONTROL | |
| campo de control | ES-MaACL |
| 005 - FECHA Y HORA DE LA ÚLTIMA TRANSACCIÓN | |
| campo de control | 20230906201002.0 |
| 007 - CAMPO FIJO DE DESCRIPCIÓN FÍSICA--INFORMACIÓN GENERAL | |
| campo de control de longitud fija | t| |
| 008 - DATOS DE LONGITUD FIJA--INFORMACIÓN GENERAL | |
| campo de control de longitud fija | 070214s1974 ag r ||||1| spa d |
| 100 1# - ENTRADA PRINCIPAL--NOMBRE DE PERSONA | |
| Nombre de persona | Singer, Loren. |
| 9 (RLIN) | 106629 |
| 245 10 - MENCIÓN DEL TÍTULO | |
| Título | Asesinos S. A. |
| Resto del título | : (Los dueños del miedo) / |
| Mención de responsabilidad, etc. | Loren Singer ; [traducción: María Luisa Martínez Alinari]. |
| 250 ## - MENCION DE EDICION | |
| Mención de edición | 2ª ed. |
| 260 ## - PUBLICACIÓN, DISTRIBUCIÓN, ETC. | |
| Lugar de publicación, distribución, etc. | Buenos Aires : |
| Nombre del editor, distribuidor, etc. | Granica, |
| Fecha de publicación, distribución, etc. | 1974 ( |
| Fabricante | Offset-grama) |
| 300 ## - DESCRIPCIÓN FÍSICA | |
| Extensión | 219 p. ; |
| Dimensiones | 18 cm. |
| 700 1# - ENTRADA AGREGADA--NOMBRE PERSONAL | |
| Nombre de persona | Martínez Alinari, María Luisa. |
| 9 (RLIN) | 77839 |
| 852 ## - LOCALIZACIÓN | |
| Ubicación | ES-MaACL |
| Número de control de estantería | A-7219 |
| Sublocalización o colección | R.96464 |
| Estatus retirado | Estado de pérdida | Estado de daño | No para préstamo | Biblioteca de origen | Biblioteca actual | Ubicación en estantería | Fecha de adquisición | Fuente de adquisición | Total de préstamos | Signatura topográfica completa | Código de barras | Visto por última vez | Precio de reemplazo | Tipo de ítem Koha |
|---|---|---|---|---|---|---|---|---|---|---|---|---|---|---|
| Biblioteca del Ateneo de Madrid | Biblioteca del Ateneo de Madrid | Sala Pecera Planta 1 | 17/01/2008 | A-7219 | 1150118 | 23/02/2023 | 23/02/2023 | Libro impreso |
